Statistiques concernant Hôtels particuliers de Paris

Cliquez ici pour prendre le quiz!

Statistiques générales

  • Ce quiz a été pris 5 fois
  • Le résultat moyen est 4 sur 13

Statistiques - réponses

ArrondissementsHotels% Correct
8eHôtel de Marigny
67%
4eHôtel de Mayenne
67%
1eHôtel de Villeroy Bourbon
67%
17eHôtel Gaillard
67%
16eHôtel de Lamballe
33%
9eHôtel de la Paiva
33%
6eHôtel de Nevers
33%
2eHotel Pellé de Montaleau
33%
10eHôtel Titon
33%
3eHôtel de Bonneval
0%
14eHôtel de Massa
0%
7eHôtel de Noirmoutier
0%
5eHôtel Lebrun
0%

Distribution des résultats

Percentile par nombre de réponses

% des personnes avec chaque résultat

Votre développement - résultats

Vous n’avez pas pris ce quiz